[Event "FIDE Grand Swiss"]
[Site "Samarkand UZB"]
[Date "2025.09.15"]
[Round "11.3"]
[White "Erigaisi Arjun"]
[Black "Vincent Keymer"]
[Result "1/2-1/2"]
[EventDate "2025.09.04"]
[WhiteElo "2771"]
[BlackElo "2751"]
[PlyCount "98"]

1. d4 Nf6 2. c4 e6 3. Nf3 b6 4. a3 Bb7 5. Nc3 d6 6. Qd3 g6 7. e4 Bg7 8. Be2 Nbd7 9. h3 O-O 10. Be3 a6 11. O-O c5 12. d5 exd5 13. exd5 b5 14. b3 Re8 15. Qd2 b4 16. axb4 cxb4 17. Na4 a5 18. Bd3 Ne4 19. Bxe4 Bxa1 20. Rxa1 Rxe4 21. Ng5 Re8 22. Bd4 Qe7 23. f3 Ra6 24. Qf4 Bc8 25. h4 Ne5 26. Bxe5 dxe5 27. Qe3 f5 28. Nc5 Qa7 29. Re1 Rd6 30. f4 e4 31. Nf3 Ba6 32. Ne5 Rc8 33. Na4 Qxe3+ 34. Rxe3 Bb7 35. h5 g5 36. fxg5 Rc7 37. g4 Re7 38. Nd3 Rg7 39. Nf2 Rxg5 40. Kf1 Bxd5 41. cxd5 Rxd5 42. Ke2 Kf8 43. Nb6 Rb5 44. Nc4 fxg4 45. Nd6 Rb6 46. Ndxe4 Rxh5 47. Nxg4 Rf5 48. Rh3 Re6 49. Kd3 Rf4 1/2-1/2

[Event "FIDE Grand Swiss"]
[Site "Samarkand UZB"]
[Date "2025.09.14"]
[Round "10.3"]
[White "Yangyi Yu"]
[Black "Arjun Erigaisi"]
[Result "1/2-1/2"]
[EventDate "2025.09.04"]
[WhiteElo "2714"]
[BlackElo "2776"]
[PlyCount "108"]

1. d4 Nf6 2. c4 e6 3. Nc3 Bb4 4. e3 O-O 5. Bd3 d5 6. cxd5 exd5 7. Ne2 Re8 8. O-O Bf8 9. a3 a5 10. b3 b6 11. Ra2 g6 12. Rc2 Bb7 13. h3 Nbd7 14. Ng3 Rc8 15. Re1 Ne4 16. Ngxe4 dxe4 17. Bc4 Nf6 18. d5 Bd6 19. Rd2 Be5 20. Nb5 Rb8 21. a4 Qd7 22. Ba3 Red8 23. d6 c6 24. Nc7 Qf5 25. Qc2 Nd5 26. Bxd5 cxd5 27. Nb5 Rbc8 28. Qd1 Qf6 29. Ree2 d4 30. Nxd4 Bxd6 31. Bxd6 Rxd6 32. Rc2 Rc5 33. Red2 Qg5 34. Ne2 Rxd2 35. Rxd2 Rd5 36. Nf4 Rxd2 37. Qxd2 Bc6 38. Qd6 Qc5 39. Qf6 h5 40. Kh2 Be8 41. h4 Qc7 42. Qd4 Bc6 43. g3 Bb7 44. Kg2 Kf8 45. Qf6 Ke8 46. Ne2 Bd5 47. Nd4 Kd7 48. Qh8 Qd6 49. Nb5 Qb4 50. Qb8 Qc5 51. Nd4 Qc7 52. Qh8 Qd6 53. Nb5 Qc5 54. Nd4 1/2-1/2

[Event "FIDE Grand Swiss"]
[Site "Samarkand UZB"]
[Date "2025.09.13"]
[Round "9.7"]
[White "Erigaisi Arjun"]
[Black "Samuel Sevian"]
[Result "1-0"]
[EventDate "2025.09.04"]
[WhiteElo "2771"]
[BlackElo "2692"]
[PlyCount "102"]

1. Nf3 d5 2. c4 e6 3. g3 Nf6 4. Bg2 d4 5. O-O c5 6. d3 Nc6 7. e3 Bd6 8. exd4 cxd4 9. Na3 O-O 10. Nc2 e5 11. b4 Re8 12. Re1 a6 13. c5 Bf8 14. Bg5 Bf5 15. Nh4 Bd7 16. Qf3 Re6 17. a4 h6 18. Bxf6 Rxf6 19. Qe2 Qc8 20. b5 axb5 21. axb5 Rxa1 22. Rxa1 Nd8 23. Qxe5 Bxb5 24. Nxd4 Bxd3 25. Rd1 Bh7 26. Rc1 Qd7 27. Qd5 Qc8 28. Nhf3 Nc6 29. Ne5 Nxe5 30. Qxe5 Ra6 31. Bd5 Qd7 32. Kg2 Ra8 33. Nf3 Rd8 34. Rd1 Qe7 35. Qf4 Kh8 36. Ne5 Rxd5 37. Rxd5 f6 38. Rd8 g5 39. Qd4 fxe5 40. Qd6 Qxd6 41. cxd6 Kg7 42. d7 Be7 43. Re8 Kf7 44. Kf3 Bc2 45. d8=Q Bxd8 46. Rxd8 Ke6 47. Ke3 h5 48. Rh8 Bd1 49. Rh6+ Kf5 50. f3 b5 51. h3 1-0

[Event "FIDE Grand Swiss"]
[Site "Samarkand UZB"]
[Date "2025.09.12"]
[Round "8.7"]
[White "Shant Sargsyan"]
[Black "Erigaisi Arjun"]
[Result "1/2-1/2"]
[EventDate "2025.09.04"]
[WhiteElo "2653"]
[BlackElo "2771"]
[PlyCount "62"]

1. e4 e5 2. Nf3 Nc6 3. Nc3 Nf6 4. d4 exd4 5. Nxd4 Bc5 6. Be3 Bb6 7. Qd2 O-O 8. O-O-O Re8 9. f3 d5 10. exd5 Nxd5 11. Bg5 f6 12. Bc4 Nxd4 13. Nxd5 Be6 14. Bxf6 gxf6 15. Nxb6 axb6 16. Qxd4 Qxd4 17. Bxe6+ Rxe6 18. Rxd4 Rxa2 19. Kb1 Ra5 20. Rhd1 Re7 21. g4 Kf7 22. h4 h5 23. Rd8 hxg4 24. fxg4 Ra4 25. Rg1 Kg7 26. b3 Rae4 27. Kb2 Kh7 28. g5 fxg5 29. hxg5 Kg6 30. Rg8+ Rg7 31. Rf8 1/2-1/2

[Event "FIDE Grand Swiss"]
[Site "Samarkand UZB"]
[Date "2025.09.11"]
[Round "7.2"]
[White "Erigaisi Arjun"]
[Black "Matthias Bluebaum"]
[Result "0-1"]
[EventDate "2025.09.04"]
[WhiteElo "2771"]
[BlackElo "2671"]
[PlyCount "102"]

1. c4 e6 2. g3 d5 3. Bg2 Nf6 4. d4 Be7 5. Nf3 O-O 6. O-O dxc4 7. Qc2 c6 8. Qxc4 b5 9. Qd3 Nbd7 10. Be3 Nd5 11. Bd2 Bb7 12. Nc3 b4 13. Ne4 Qb6 14. Qc2 c5 15. Nfg5 g6 16. dxc5 Nxc5 17. Nxc5 Qxc5 18. Qb3 Rac8 19. Rac1 Qb5 20. Rxc8 Rxc8 21. Qf3 Qe8 22. Qe4 Rc7 23. Qh4 h5 24. Qd4 Qd8 25. h4 Rd7 26. Qxa7 Ba8 27. Nxe6 fxe6 28. Qa4 Nb6 29. Qc2 Kf7 30. Bh6 Bxg2 31. Kxg2 Qa8+ 32. Kg1 Qxa2 33. Qc6 Qa5 34. Bg5 Qc5 35. Qf3+ Qf5 36. Qc6 Qc5 37. Qf3+ Kg7 38. Be3 Qd6 39. g4 Nc4 40. gxh5 Nxe3 41. fxe3 Bxh4 42. Kg2 Qd5 43. e4 Qxh5 44. Qf8+ Kh7 45. Rf7+ Rxf7 46. Qxf7+ Kh6 47. Qf8+ Kg5 48. Qc5+ Kg4 49. Qe3 Qe5 50. Qf3+ Kg5 51. Kh3 Qf4 0-1

[Event "FIDE Grand Swiss"]
[Site "Samarkand UZB"]
[Date "2025.09.09"]
[Round "6.1"]
[White "Parham Maghsoodloo"]
[Black "Erigaisi Arjun"]
[Result "1/2-1/2"]
[EventDate "2025.09.04"]
[WhiteElo "2692"]
[BlackElo "2771"]
[PlyCount "76"]

1. c4 c5 2. Nf3 Nf6 3. Nc3 e6 4. d4 cxd4 5. Nxd4 d5 6. cxd5 Nxd5 7. Bd2 Be7 8. g3 Bf6 9. Ndb5 a6 10. Nxd5 exd5 11. Nc3 d4 12. Ne4 Be7 13. h4 Be6 14. Bg2 Bd5 15. O-O Nc6 16. e3 f5 17. Ng5 Bxg2 18. Kxg2 Qd5+ 19. Qf3 Qxf3+ 20. Nxf3 dxe3 21. Bxe3 Bf6 22. Bg5 O-O 23. Rfd1 Rad8 24. Rxd8 Bxd8 25. Rd1 Bxg5 26. Nxg5 Rd8 27. Rxd8+ Nxd8 28. Kf3 h6 29. Nh3 Kf7 30. Ke3 Ne6 31. Nf4 Nxf4 32. Kxf4 Kf6 33. h5 a5 34. a4 Ke6 35. f3 Kf6 36. g4 fxg4 37. fxg4 g6 38. hxg6 1/2-1/2

[Event "FIDE Grand Swiss"]
[Site "Samarkand UZB"]
[Date "2025.09.08"]
[Round "5.3"]
[White "Arjun Erigaisi"]
[Black "Nikita Vitiugov"]
[Result "1-0"]
[EventDate "2025.09.04"]
[WhiteElo "2776"]
[BlackElo "2676"]
[PlyCount "74"]

1. Nf3 d5 2. c4 e6 3. g3 Nf6 4. Bg2 Be7 5. O-O O-O 6. d4 dxc4 7. Ne5 Nc6 8. Bxc6 bxc6 9. Nxc6 Qe8 10. Nxe7+ Qxe7 11. Qa4 e5 12. dxe5 Qxe5 13. Re1 Qc5 14. Be3 Qh5 15. f3 Qe5 16. Bf2 Qxb2 17. Na3 Bd7 18. Nxc4 Qxa1 19. Qa3 Qxe1+ 20. Bxe1 Bb5 21. Qc5 Rab8 22. Bc3 Rfe8 23. Ne3 Bxe2 24. Kf2 Rb5 25. Qxa7 Bd3 26. Bxf6 gxf6 27. Qd4 Bg6 28. Nd5 Ra8 29. Nxf6+ Kf8 30. a4 Rba5 31. Nd5 Rxd5 32. Qh8+ Ke7 33. Qxa8 Rd2+ 34. Ke3 Rd3+ 35. Ke2 Ra3 36. Qc6 Ra2+ 37. Kd1 1-0

[Event "FIDE Grand Swiss"]
[Site "Samarkand UZB"]
[Date "2025.09.07"]
[Round "4.3"]
[White "D Gukesh"]
[Black "Erigaisi Arjun"]
[Result "1/2-1/2"]
[EventDate "2025.09.04"]
[WhiteElo "2767"]
[BlackElo "2771"]
[PlyCount "92"]

1. d4 Nf6 2. c4 e6 3. g3 d5 4. Bg2 Bd6 5. Nf3 O-O 6. O-O Nbd7 7. Qc2 c6 8. Nbd2 Re8 9. b3 e5 10. cxd5 cxd5 11. dxe5 Nxe5 12. Bb2 Bg4 13. Bxe5 Bxe5 14. Nxe5 Rxe5 15. Nf3 Re7 16. Nd4 Rc8 17. Qb2 Rec7 18. Rac1 a6 19. e3 Rxc1 20. Rxc1 Rxc1+ 21. Qxc1 Qc8 22. Qf1 h5 23. a4 Qc3 24. h3 Bd7 25. Qd1 Qc8 26. h4 Qc3 27. Bf3 Bg4 28. Kg2 g6 29. Qc2 Qxc2 30. Nxc2 Bxf3+ 31. Kxf3 Ne4 32. Nb4 Nd2+ 33. Kf4 Nxb3 34. Nxd5 Nc5 35. Nc3 Nd3+ 36. Kf3 Kf8 37. e4 Ke7 38. Ke3 Nc5 39. f3 Ke6 40. g4 f6 41. gxh5 gxh5 42. f4 Kd6 43. Kd4 Ne6+ 44. Ke3 Nc5 45. Kd4 Ne6+ 46. Ke3 Nc5 1/2-1/2

[Event "FIDE Grand Swiss"]
[Site "Samarkand UZB"]
[Date "2025.09.06"]
[Round "3.2"]
[White "Erigaisi Arjun"]
[Black "Anton Demchenko"]
[Result "1-0"]
[EventDate "2025.09.04"]
[WhiteElo "2771"]
[BlackElo "2620"]
[PlyCount "130"]

1. e4 e5 2. Nf3 Nf6 3. Nxe5 d6 4. Nf3 Nxe4 5. d4 d5 6. Bd3 Be7 7. O-O Bf5 8. Re1 O-O 9. Nbd2 Nd6 10. Nf1 Bxd3 11. Qxd3 c6 12. Bf4 Na6 13. g3 Nc7 14. Ne3 Ne6 15. Bxd6 Bxd6 16. h4 Re8 17. Kg2 Qf6 18. b3 Qg6 19. Qxg6 hxg6 20. c4 Rad8 21. c5 Bc7 22. b4 b6 23. Rec1 bxc5 24. dxc5 a5 25. a3 Rb8 26. Nc2 Rec8 27. Rab1 Kf8 28. Nce1 f6 29. Nd3 Kf7 30. Kf1 Ke7 31. Re1 Kd7 32. Re3 Re8 33. Rbe1 axb4 34. axb4 Nf8 35. Nd4 Rxe3 36. Rxe3 Ra8 37. Ke2 Ra2+ 38. Ke1 Bb8 39. Kd1 Be5 40. Nxe5+ fxe5 41. Rxe5 Rxf2 42. b5 cxb5 43. Rxd5+ Kc7 44. Rd6 b4 45. Ra6 b3 46. Nxb3 Rf3 47. Kc2 Rxg3 48. Nd4 Rg4 49. Kc3 Kb7 50. Ra4 Rxh4 51. c6+ Kb8 52. Rb4+ Kc8 53. Rb7 Rh1 54. Kc4 Rc1+ 55. Kd5 Rd1 56. Kc5 Rc1+ 57. Kd6 Rd1 58. Kc5 Rc1+ 59. Kb6 Ne6 60. Re7 Nd8 61. c7 Rc4 62. Nb5 Rc6+ 63. Ka5 Rc5 64. Ka4 Rc4+ 65. Ka3 1-0

[Event "FIDE Grand Swiss"]
[Site "Samarkand UZB"]
[Date "2025.09.05"]
[Round "2.10"]
[White "Haik M Martirosyan"]
[Black "Erigaisi Arjun"]
[Result "0-1"]
[EventDate "2025.09.04"]
[WhiteElo "2628"]
[BlackElo "2771"]
[PlyCount "108"]

1. d4 Nf6 2. c4 g6 3. Nf3 Bg7 4. g3 O-O 5. Bg2 d6 6. O-O Nbd7 7. Nc3 e5 8. h3 Re8 9. e4 exd4 10. Nxd4 Nc5 11. Re1 h6 12. Nb3 Ne6 13. f4 a5 14. a4 h5 15. Be3 h4 16. g4 g5 17. fxg5 Nd7 18. Nd4 Ne5 19. Nf5 Nxc4 20. Bc1 c6 21. Nxg7 Kxg7 22. e5 d5 23. b3 Nb6 24. Kh1 Nd7 25. Qf3 Ndc5 26. Rb1 b6 27. b4 axb4 28. Rxb4 Ba6 29. Qf6+ Kg8 30. Qh6 Nd3 31. g6 fxg6 32. Rf1 Nxe5 33. Rd1 Ra7 34. Nxd5 cxd5 35. Rxd5 Qb8 36. Bb2 Rh7 37. Bxe5 Rxh6 38. Bxb8 Rxb8 39. Rd6 Nc5 40. g5 Rh5 41. Rxg6+ Kh7 42. Rc6 Rxg5 43. Rxh4+ Kg8 44. Rb4 Nxa4 45. Rd6 Bb5 46. h4 Re5 47. Rg4+ Kf7 48. Rh6 Rg8 49. Rh7+ Kf8 50. Rf4+ Ke8 51. Bf3 Nc5 52. Rb4 Re3 53. Bg2 Re1+ 54. Kh2 Re2 0-1

[Event "FIDE Grand Swiss 2025"]
[Site "Samarkand UZB"]
[Date "2025.09.04"]
[Round "1.2"]
[White "Erigaisi Arjun"]
[Black "Maksim Chigaev"]
[Result "1/2-1/2"]
[EventDate "2025.09.04"]
[WhiteElo "2771"]
[BlackElo "2638"]
[PlyCount "108"]

1. c4 e5 2. Nc3 Nf6 3. Nf3 Nc6 4. g3 d5 5. cxd5 Nxd5 6. Bg2 Bc5 7. O-O O-O 8. d3 h6 9. Nxd5 Qxd5 10. Bd2 Qd6 11. Bc3 Rd8 12. Nd2 Qe7 13. Bxc6 bxc6 14. Qa4 Rb8 15. Rfc1 Bb6 16. Nc4 f6 17. Na5 Kh8 18. Nxc6 Qe8 19. Be1 Rd6 20. Qc2 Ra8 21. Na5 e4 22. dxe4 Re6 23. Rd1 Ba6 24. b3 Rxe4 25. e3 Re5 26. b4 Bxa5 27. bxa5 Bb7 28. Qxc7 Re7 29. Qd6 Bf3 30. Rd4 Rc8 31. Bd2 Rec7 32. Re1 Rc2 33. h3 Rxa2 34. e4 Rcc2 35. Qf4 Qe5 36. Rd8+ Kh7 37. Qxf3 Rxd2 38. Rxd2 Rxd2 39. a6 Rd6 40. Qa3 Qe6 41. Ra1 Qe5 42. h4 Re6 43. Re1 Qb5 44. Qf3 Qxa6 45. Qf5+ Kh8 46. Rd1 Re8 47. Rd7 Qe6 48. Qxe6 Rxe6 49. f3 a5 50. Ra7 Re5 51. Kf2 Rb5 52. Ra8+ Kh7 53. f4 h5 54. Ke3 1/2-1/2

[Event "Chennai Grand Masters"]
[Site "Chennai IND"]
[Date "2025.08.15"]
[Round "9.1"]
[White "Arjun Erigaisi"]
[Black "Murali Karthikeyan"]
[Result "1/2-1/2"]
[EventDate "2025.08.07"]
[WhiteElo "2776"]
[BlackElo "2658"]
[PlyCount "98"]

1. e4 c5 2. Nf3 Nc6 3. Bb5 g6 4. Bxc6 dxc6 5. d3 Bg7 6. h3 b6 7. O-O Nf6 8. Nc3 O-O 9. Bf4 Ne8 10. Qd2 f6 11. e5 fxe5 12. Bxe5 Rxf3 13. Bxg7 Nxg7 14. gxf3 Nf5 15. Ne4 Nd4 16. Qh6 e5 17. c3 Nxf3+ 18. Kg2 Nh4+ 19. Kh1 Nf5 20. Qg5 Ba6 21. Rad1 Bxd3 22. Qxd8+ Rxd8 23. Nf6+ Kg7 24. Ng4 Rd5 25. Rfe1 e4 26. Ne3 Nxe3 27. Rxe3 c4 28. Kh2 Ra5 29. a3 Rf5 30. Kg3 Rg5+ 31. Kh2 Rf5 32. Kg3 h5 33. h4 Kf6 34. f3 Ke5 35. Rd2 b5 36. Rf2 Rf4 37. Re1 a5 38. Re3 b4 39. axb4 axb4 40. cxb4 g5 41. hxg5 h4+ 42. Kh2 Kd4 43. Re1 exf3 44. Re6 Be4 45. Rf1 Ke3 46. g6 f2 47. g7 Rg4 48. Rxf2 Kxf2 49. Rxe4 Rxg7 1/2-1/2

[Event "Chennai Grand Masters"]
[Site "Chennai IND"]
[Date "2025.08.14"]
[Round "8"]
[White "Santosh Gujrathi Vidit"]
[Black "Arjun Erigaisi"]
[Result "1/2-1/2"]
[EventDate "2025.08.07"]
[WhiteElo "2720"]
[BlackElo "2776"]
[PlyCount "64"]

1. d4 Nf6 2. c4 e6 3. Nc3 d5 4. Bg5 dxc4 5. e3 c5 6. Bxc4 cxd4 7. exd4 Be7 8. Nf3 O-O 9. O-O a6 10. a4 Nc6 11. Re1 Bd7 12. Qe2 Re8 13. Ne5 Nxd4 14. Qd3 Nc6 15. Nxf7 Kxf7 16. Rad1 Kg8 17. Bxf6 Bxf6 18. Qxd7 Qxd7 19. Rxd7 Ne5 20. Rc7 Nxc4 21. Rxc4 Rac8 22. Rxc8 Rxc8 23. Rxe6 Bxc3 24. bxc3 Rxc3 25. g3 Rc4 26. Rb6 Rxa4 27. Rxb7 Rc4 28. Rb8+ Kf7 29. Rb7+ Kg8 30. Rb8+ Kf7 31. Rb7+ Kg8 32. Rb8+ 1/2-1/2

[Event "Chennai Grand Masters"]
[Site "Chennai IND"]
[Date "2025.08.13"]
[Round "7.2"]
[White "Arjun Erigaisi"]
[Black "Anish Giri"]
[Result "1/2-1/2"]
[EventDate "2025.08.07"]
[WhiteElo "2776"]
[BlackElo "2748"]
[PlyCount "70"]

1. d4 d5 2. c4 dxc4 3. Nf3 Nf6 4. e3 e6 5. Bxc4 c5 6. O-O a6 7. Be2 Nbd7 8. Nbd2 b6 9. Nc4 b5 10. Nce5 Bb7 11. a4 b4 12. a5 Bd6 13. Nc4 Be7 14. dxc5 O-O 15. Nb6 Rb8 16. Nxd7 Nxd7 17. c6 Bxc6 18. Bxa6 Ra8 19. Be2 Rxa5 20. Rxa5 Qxa5 21. Nd4 Qa8 22. Nxc6 Qxc6 23. Bd2 Rb8 24. Qb1 g6 25. Rc1 Qd5 26. Rd1 Qb3 27. Bxb4 Qxb4 28. Rxd7 Qxb2 29. Qxb2 Rxb2 30. Rxe7 Rxe2 31. Kf1 Ra2 32. Rd7 Rb2 33. Re7 Ra2 34. Rd7 Rb2 35. Re7 Ra2 1/2-1/2

[Event "Chennai Grand Masters"]
[Site "Chennai IND"]
[Date "2025.08.12"]
[Round "6"]
[White "Vincent Keymer"]
[Black "Arjun Erigaisi"]
[Result "1/2-1/2"]
[EventDate "2025.08.07"]
[WhiteElo "2730"]
[BlackElo "2776"]
[PlyCount "82"]

1. d4 d5 2. c4 c6 3. Nf3 Nf6 4. e3 Bf5 5. Nc3 e6 6. Nh4 Be4 7. f3 Bg6 8. Qb3 Qc7 9. cxd5 cxd5 10. Bd2 Nc6 11. O-O-O a6 12. Nxg6 hxg6 13. Kb1 Be7 14. Rc1 O-O 15. Qd1 Rfc8 16. g4 Qd8 17. h4 Na5 18. h5 gxh5 19. Bd3 Nc4 20. Qe2 Nxd2+ 21. Qxd2 Bb4 22. gxh5 Kh8 23. Qg2 Bxc3 24. bxc3 Rc6 25. Rcg1 Qf8 26. Ka1 Rxc3 27. Bb1 Rc6 28. Qg5 Nh7 29. Qe5 f6 30. Qg3 f5 31. h6 g5 32. Qe5+ Qf6 33. Qxf6+ Nxf6 34. Rxg5 Rg8 35. Rxg8+ Kxg8 36. Rg1+ Kh7 37. Rg7+ Kxh6 38. Rxb7 Rc3 39. Re7 Rxe3 40. Bxf5 Rxf3 41. Bc2 Rc3 1/2-1/2

[Event "Chennai Grand Masters"]
[Site "Chennai IND"]
[Date "2025.08.11"]
[Round "5.3"]
[White "Arjun Erigaisi"]
[Black "V Pranav"]
[Result "1/2-1/2"]
[EventDate "2025.08.07"]
[WhiteElo "2776"]
[BlackElo "2597"]
[PlyCount "156"]

1. e4 e5 2. Nf3 Nc6 3. Bb5 Bc5 4. c3 Nf6 5. d4 exd4 6. O-O dxc3 7. e5 Ng4 8. Nxc3 O-O 9. Bg5 Be7 10. Bxe7 Qxe7 11. Nd5 Qd8 12. Re1 d6 13. exd6 cxd6 14. Bxc6 bxc6 15. Ne7+ Kh8 16. h3 Nf6 17. Nxc6 Qb6 18. Qc2 Bb7 19. Ncd4 Rac8 20. Qd2 h6 21. Re3 Ne4 22. Qe1 Rfe8 23. Rc1 Rxc1 24. Qxc1 Rc8 25. Qe1 Nf6 26. Rb3 Qa6 27. Qf1 Qxf1+ 28. Kxf1 Ba6+ 29. Kg1 Rc7 30. Ra3 Bc4 31. Nd2 Bd5 32. f3 Be6 33. Ra6 Ne8 34. Kf2 Bc8 35. Rc6 Rxc6 36. Nxc6 a6 37. Ke3 g5 38. Kd4 Kg7 39. Nc4 h5 40. b4 Bd7 41. N6a5 Kf8 42. Nb6 Be6 43. a4 Nc7 44. Nac4 Ke7 45. Ne3 Kd8 46. Nbd5 Ne8 47. g4 hxg4 48. hxg4 Bd7 49. Nc3 Bc6 50. Ned5 Ng7 51. b5 axb5 52. axb5 Bb7 53. Ne4 Ne6+ 54. Kc4 Kd7 55. Nef6+ Kd8 56. Ne4 Kd7 57. Ndf6+ Ke7 58. b6 Nf4 59. Kc3 Ne6 60. Nh7 d5 61. Nexg5 d4+ 62. Kc4 Ba6+ 63. Kb4 d3 64. Ne4 Bb7 65. Nd2 f6 66. Kc4 Kf7 67. Kxd3 Kg7 68. Ne4 Kxh7 69. Nxf6+ Kg6 70. Ne4 Nf8 71. Kc4 Nd7 72. Kb5 Ne5 73. f4 Nxg4 74. f5+ Kg7 75. Nd6 Bh1 76. b7 Bxb7 77. f6+ Nxf6 78. Nxb7 1/2-1/2

[Event "Chennai Grand Masters"]
[Site "Chennai IND"]
[Date "2025.08.10"]
[Round "4.3"]
[White "Sarin Nihal"]
[Black "Arjun Erigaisi"]
[Result "1-0"]
[EventDate "2025.08.07"]
[WhiteElo "2692"]
[BlackElo "2776"]
[PlyCount "140"]

1. Nf3 Nf6 2. b3 c5 3. Bb2 Nc6 4. e3 g6 5. Nc3 d6 6. Bb5 Bg7 7. Ne4 e5 8. Ng3 O-O 9. O-O a6 10. Be2 e4 11. Ne1 h5 12. c4 h4 13. Nh1 h3 14. f3 Qe7 15. Ng3 hxg2 16. Nxg2 exf3 17. Bxf3 Ne5 18. Nf4 Nfg4 19. Bd5 Kh7 20. Qe2 Nf6 21. Qg2 Rb8 22. Ne4 Bf5 23. Nxf6+ Bxf6 24. Nh5 Nf3+ 25. Rxf3 Bxb2 26. Raf1 Qh4 27. Ng3 Bh3 28. Rxf7+ Bg7 29. Nf5 Bxg2 30. Rxg7+ Kh8 31. Nxh4 Bxf1 32. Rxg6 Bh3 33. Nf3 Kh7 34. Rxd6 Kg7 35. Kf2 Rf6 36. Rxf6 Kxf6 37. Kg3 Be6 38. Kf4 Rg8 39. Bxe6 Kxe6 40. h4 Rf8+ 41. Ke4 b6 42. d4 cxd4 43. exd4 a5 44. a3 Rc8 45. Ne5 Rg8 46. b4 axb4 47. axb4 Rg2 48. d5+ Kd6 49. Kd4 Rd2+ 50. Nd3 Rh2 51. c5+ bxc5+ 52. bxc5+ Ke7 53. d6+ Ke6 54. Nf4+ Kd7 55. Ng6 Rh1 56. Ne5+ Ke6 57. Nf3 Rc1 58. h5 Rh1 59. Ng5+ Kd7 60. Ne4 Rh4 61. Ke3 Ke6 62. Ng5+ Kd7 63. Ne4 Ke6 64. Ng5+ Kd7 65. Nh7 Rc4 66. Nf8+ Ke8 67. Kd3 Rxc5 68. d7+ Ke7 69. d8=Q+ Kxd8 70. Ne6+ 1-0

[Event "Chennai Grand Masters"]
[Site "Chennai IND"]
[Date "2025.08.09"]
[Round "3.4"]
[White "Arjun Erigaisi"]
[Black "Ray Robson"]
[Result "1-0"]
[EventDate "2025.08.07"]
[WhiteElo "2776"]
[BlackElo "2687"]
[PlyCount "92"]

1. Nf3 c5 2. c4 b6 3. e4 Bb7 4. Nc3 e6 5. d4 cxd4 6. Nxd4 Nf6 7. Bd3 Nc6 8. Nf3 Bb4 9. Bd2 Ng4 10. a3 Bc5 11. O-O Qb8 12. b4 Nd4 13. g3 Nxf3+ 14. Qxf3 Ne5 15. Qe2 Be7 16. Bc2 Qc7 17. Bb3 Rc8 18. f4 Nc6 19. Be3 O-O 20. Rfd1 Rfd8 21. Rd2 d6 22. Rad1 Bf8 23. h4 Ba8 24. Kh2 a5 25. Na4 axb4 26. Bxb6 Qb8 27. axb4 Nxb4 28. Bxd8 Rxd8 29. Nc3 Rc8 30. Nb5 Nc6 31. Bc2 Rd8 32. e5 dxe5 33. Rxd8 Nxd8 34. Qxe5 Qxe5 35. fxe5 Be7 36. Rd7 Kf8 37. Nd6 Bc6 38. Rc7 f6 39. Bxh7 fxe5 40. c5 Bd5 41. Rc8 Bf6 42. Be4 Ke7 43. Rc7+ Kf8 44. Kh3 Be7 45. Rc8 Bxd6 46. Bxd5 1-0

[Event "Chennai Grand Masters"]
[Site "Chennai IND"]
[Date "2025.08.08"]
[Round "2.2"]
[White "Van Foreest, Jorden"]
[Black "Arjun Erigaisi"]
[Result "1/2-1/2"]
[EventDate "2025.08.07"]
[WhiteElo "2697"]
[BlackElo "2776"]
[PlyCount "84"]

1. Nf3 d5 2. g3 g6 3. Bg2 Bg7 4. d4 Nf6 5. O-O O-O 6. c4 c6 7. cxd5 cxd5 8. Nc3 Nc6 9. Ne5 Bf5 10. Bf4 Rc8 11. Rc1 e6 12. h3 Nxe5 13. Bxe5 g5 14. Qd2 Ne8 15. Bxg7 Kxg7 16. g4 Bg6 17. f4 gxf4 18. Qxf4 Rc6 19. Rcd1 Qd6 20. e4 Qxf4 21. Rxf4 dxe4 22. Bxe4 Rb6 23. Rf2 Nd6 24. Bxg6 hxg6 25. Re1 Nb5 26. Nxb5 Rxb5 27. Rc1 f5 28. gxf5 exf5 29. Rc7+ Kf6 30. b3 Rd8 31. Rd2 f4 32. Rd3 a6 33. Kf2 Rbd5 34. Rxb7 Rxd4 35. Rb6+ Kg5 36. h4+ Kf5 37. Rxd4 Rxd4 38. Rxa6 Rd2+ 39. Kf3 Rd3+ 40. Kf2 Rd2+ 41. Kf3 Rd3+ 42. Kf2 Rd2+ 1/2-1/2

[Event "Chennai Grand Masters"]
[Site "Chennai IND"]
[Date "2025.08.07"]
[Round "1.5"]
[White "Arjun Erigaisi"]
[Black "Awonder Liang"]
[Result "1-0"]
[EventDate "2025.08.07"]
[WhiteElo "2776"]
[BlackElo "2696"]
[PlyCount "98"]

1. e4 e5 2. Nf3 Nc6 3. Bc4 Bc5 4. c3 Nf6 5. d3 d6 6. O-O Bb6 7. Re1 Ng4 8. Re2 O-O 9. h3 Nf6 10. Re1 h6 11. Nbd2 Ne7 12. d4 Nc6 13. a4 a5 14. Bb5 exd4 15. Nc4 dxc3 16. Nxb6 cxb6 17. bxc3 Re8 18. Qc2 Bd7 19. Bf4 Ne5 20. Nd4 Nc6 21. Bf1 d5 22. e5 Ne4 23. Nb5 Bf5 24. f3 Ng3 25. Qd2 Nxf1 26. Kxf1 Re6 27. Rad1 Qh4 28. g4 Qxh3+ 29. Kf2 Be4 30. fxe4 dxe4 31. Rxe4 Rae8 32. Bg3 f5 33. gxf5 Qxf5+ 34. Qf4 Qg6 35. Qg4 Qf7+ 36. Qf3 Qe7 37. Rde1 Rf8 38. Rf4 Re8 39. Qd5 Rd8 40. Qc4 Kh7 41. Qe4+ Kg8 42. Rf3 Qc5+ 43. Kg2 Rde8 44. Nd4 Rxe5 45. Bxe5 Rxe5 46. Qh4 Qd5 47. Nxc6 Rg5+ 48. Kf2 bxc6 49. Re8+ 1-0

[Event "UzChess Cup Masters"]
[Site "Tashkent UZB"]
[Date "2025.06.27"]
[Round "9"]
[White "Arjun Erigaisi"]
[Black "Chithambaram VR Aravindh"]
[Result "1/2-1/2"]
[EventDate "2025.06.18"]
[WhiteElo "2782"]
[BlackElo "2749"]
[PlyCount "84"]

1. e4 e5 2. Nf3 Nc6 3. d4 exd4 4. Nxd4 Nf6 5. Nxc6 bxc6 6. Qe2 d5 7. exd5+ Be7 8. dxc6 O-O 9. Nc3 Bb4 10. Qd3 Qe7+ 11. Be2 Re8 12. Be3 Rd8 13. Qc4 Nd5 14. O-O Bxc3 15. Bc5 Qg5 16. h4 Qe5 17. bxc3 Nxc3 18. Bf3 Be6 19. Qb4 a5 20. Qa3 Ne2+ 21. Kh1 Nd4 22. Rfe1 Qf5 23. Bxd4 Rxd4 24. Qe7 h6 25. Qxc7 Rxh4+ 26. Kg1 Rc8 27. Qe5 Qxe5 28. Rxe5 Ra4 29. a3 Kf8 30. Rb5 g5 31. g3 Ke7 32. Rb7+ Kf6 33. Ra7 h5 34. c3 Rc4 35. Rxa5 Rxc3 36. Bxh5 g4 37. Re1 R8xc6 38. Re4 R6c4 39. Rxc4 Rxc4 40. f3 Rc3 41. fxg4 Bxg4 42. Bxg4 Rxg3+ 1/2-1/2

[Event "UzChess Cup Masters"]
[Site "Tashkent UZB"]
[Date "2025.06.26"]
[Round "8"]
[White "R Praggnanandhaa"]
[Black "Arjun Erigaisi"]
[Result "1-0"]
[EventDate "2025.06.18"]
[WhiteElo "2767"]
[BlackElo "2782"]
[PlyCount "58"]

1. c4 g6 2. e4 e5 3. Nf3 Nc6 4. d4 exd4 5. Nxd4 Bg7 6. Ne2 d6 7. Nbc3 f5 8. exf5 Bxf5 9. Ng3 Be6 10. Be2 Nge7 11. O-O O-O 12. Bg5 h6 13. Be3 d5 14. cxd5 Nxd5 15. Bc4 Bxc3 16. bxc3 Kh7 17. Bc5 Rf4 18. Bb3 b6 19. Ba3 Na5 20. c4 Nf6 21. Qc1 Rh4 22. Re1 Qg8 23. Qc3 Qf7 24. Rxe6 Qxe6 25. Re1 Ne4 26. Qc2 Re8 27. f3 Qe5 28. Nxe4 Qxh2+ 29. Kf2 1-0

[Event "UzChess Cup Masters"]
[Site "Tashkent UZB"]
[Date "2025.06.25"]
[Round "7"]
[White "R Rapport"]
[Black "Arjun Erigaisi"]
[Result "1/2-1/2"]
[EventDate "2025.06.18"]
[WhiteElo "2714"]
[BlackElo "2782"]
[PlyCount "52"]

1. Nf3 Nf6 2. g3 c5 3. Bg2 Nc6 4. c4 d5 5. cxd5 Nxd5 6. d4 cxd4 7. Nxd4 Ndb4 8. Nxc6 Qxd1+ 9. Kxd1 Nxc6 10. Nc3 Bd7 11. Be3 g6 12. Kc2 Bf5+ 13. Kb3 Be6+ 14. Ka3 Bf5 15. Bxc6+ bxc6 16. Na4 e5+ 17. Bc5 Bxc5+ 18. Nxc5 Ke7 19. Rac1 Rhd8 20. Rhd1 g5 21. b3 h5 22. Ka4 Rab8 23. Na6 Rb6 24. Nc5 Rbb8 25. Na6 Rb6 26. Nc5 Rbb8 1/2-1/2

[Event "UzChess Cup Masters"]
[Site "Tashkent UZB"]
[Date "2025.06.24"]
[Round "6"]
[White "Arjun Erigaisi"]
[Black "Javokhir Sindarov"]
[Result "1/2-1/2"]
[EventDate "2025.06.18"]
[WhiteElo "2782"]
[BlackElo "2710"]
[PlyCount "116"]

1. d4 d5 2. c4 e6 3. Nf3 Nf6 4. Nc3 c6 5. Bg5 Nbd7 6. cxd5 exd5 7. e3 Qa5 8. Bd3 Ne4 9. O-O Nxg5 10. Nxg5 Nf6 11. f4 Be7 12. h3 O-O 13. g4 g6 14. Nf3 Ne8 15. Qc2 Nd6 16. Qg2 Qd8 17. h4 Kh8 18. Kf2 h5 19. Ne5 Bxg4 20. Nxg4 hxg4 21. Qxg4 Qc8 22. Qg2 Qe6 23. Rh1 Rae8 24. Rh3 Nf5 25. Rah1 Kg7 26. Nd1 Nxh4 27. Rxh4 Bxh4+ 28. Rxh4 Rh8 29. Rxh8 Rxh8 30. Ke2 Qh3 31. Qxh3 Rxh3 32. Nf2 Rg3 33. e4 dxe4 34. Bxe4 g5 35. fxg5 Rxg5 36. Nd3 Rh5 37. Ke3 f5 38. Bf3 Rh2 39. a4 a5 40. b3 Kf6 41. Ne5 Ra2 42. Bd1 f4+ 43. Kd3 Kg5 44. Ke4 Ra1 45. Be2 Rb1 46. Nf3+ Kf6 47. Nd2 Re1 48. Kf3 Ke7 49. Nc4 b5 50. axb5 cxb5 51. Nxa5 Kd6 52. Bxb5 Kd5 53. Kxf4 Kxd4 54. Nc6+ Kc3 55. Bc4 Rb1 56. Ke5 Rxb3 57. Bxb3 Kxb3 58. Ke4 1/2-1/2